Estadísticas para Monumentos y lugares pintorescos de Aragón

Haz click aquí para intentar la prueba.

Estadísticas generales

  • Esta prueba ha sido intentada 80 veces
    (50 desde el último reinicio)
  • La puntuación promedio es 11 de 23

Estadísticas de respuestas

Respuesta% Correcto
Basílica del Pilar
96%
Palacio de la Aljafería
84%
Estación de Canfranc
82%
Castillo de Loarre
71%
Monasterio de Piedra
69%
Mallos de Riglos
67%
Plaza Mayor de Aínsa
67%
Albarracín
62%
Ciudadela de Jaca
62%
Parque Nacional de Ordesa y Monte Perdido
62%
Real Monasterio de San Juan de la Peña
58%
Catedral de Tarazona
51%
Catedral de Huesca
47%
Colegiata de Alquézar
47%
Plaza Mayor de Graus
42%
Torre Mudéjar de Teruel (Iglesia de San Martin)
29%
Anento
24%
Castillo Palacio del Papa Luna
22%
Sos del Rey Católico
22%
Uncastillo
22%
Castillo de Sádaba
13%
Castillo de Valderrobres
4%
Iglesia Románica de San Pedro de Lárrede
4%

Distribución de puntuación

Porcentaje por número respondido

Porcentaje de gente con cada puntuación

Historial de tus puntuaciones

No has intentado esta prueba desde el último reinicio